Central Library OPAC University of Rajshahi

The economic development of Southeast Asia : (Record no. 5268)

MARC details
000 -LEADER
fixed length control field 01060cam a22002771 4500
001 - CONTROL NUMBER
control field 5268
003 - CONTROL NUMBER IDENTIFIER
rucl marc code BD-RjUL
005 - DATE AND TIME OF LATEST TRANSACTION
control field 20211208234035.0
008 - FIXED-LENGTH DATA ELEMENTS--GENERAL INFORMATION
fixed length control field 131224s1964 nyuab b 001 0 eng
035 ## - SYSTEM CONTROL NUMBER
System control number (BD-RjUL)5304
System control number (OCoLC)234921
040 ## - CATALOGING SOURCE
Original cataloging agency DLC
Transcribing agency ODaWU
Modifying agency OCoLC
-- DLC
-- BD-RjUL
Language of cataloging eng
041 ## - LANGUAGE CODE
Language code of text/sound track or separate title eng
082 ## - DEWEY DECIMAL CLASSIFICATION NUMBER
Classification number 330.959
Author mark and year COE 1964
100 1# - MAIN ENTRY--PERSONAL NAME
Personal name Cowan, C. D.
Fuller form of name (Charles Donald),
9 (RLIN) 6193
245 14 - TITLE STATEMENT
Title The economic development of Southeast Asia :
Remainder of title studies in economic history and political economy /
Statement of responsibility, etc. C D Cowan
260 ## - PUBLICATION, DISTRIBUTION, ETC. (IMPRINT)
Place of publication, distribution, etc. New York :
Name of publisher, distributor, etc. Praeger ,
Date of publication, distribution, etc. c1964
300 ## - PHYSICAL DESCRIPTION
Pagination 192 p. :
Illustrations maps, diagrs., tables. ;
Size 22 cm.
504 ## - BIBLIOGRAPHY, ETC. NOTE
Bibliography, etc Includes bibliographical references and index.
651 #0 - SUBJECT ADDED ENTRY--GEOGRAPHIC NAME
Geographic name Southeast Asia
General subdivision Economic conditions.
9 (RLIN) 7544
856 ## - ELECTRONIC LOCATION AND ACCESS
Uniform Resource Identifier <a href="http://www.worldcat.org/title/economic-development-of-south-east-asia-studies-in-economic-history-and-political-economy/oclc/61071481&referer=brief_results">http://www.worldcat.org/title/economic-development-of-south-east-asia-studies-in-economic-history-and-political-economy/oclc/61071481&referer=brief_results</a>
942 ## - ADDED ENTRY ELEMENTS (KOHA)
Source of classification or shelving scheme Dewey Decimal Classification
Koha item type Books
Holdings
Lost status Source of classification or shelving scheme Damaged status Not for loan Collection code Permanent Location Current Location Shelving location Date acquired Source of acquisition Cost, normal purchase price Total Checkouts Full call number Date last seen Copy number Koha item type
  Dewey Decimal Classification     Non-fiction Central Library, University of Rajshahi Central Library, University of Rajshahi   06/07/1968 Sweets and Zeitlinger. 32.00   330.959 ECO 1964 24/12/2013 C-4 Books